| 000 | 00868nam a2200241 a 4500 | ||
|---|---|---|---|
| 001 | 39230 | ||
| 003 | BD-RjUL | ||
| 005 | 20211209052940.0 | ||
| 008 | 160406b20081992bg ||||e |||| 00| 0 ben d | ||
| 020 |
_a9840746731: _cTk.170.00 |
||
| 035 | _a(BD-RjUL) 39342 | ||
| 040 |
_aBD-RjUL _bben _cBD-RjUL |
||
| 041 | _aben | ||
| 082 |
_223 _a954 _bANI 2008 |
||
| 100 |
_aআনসারী,মুসা. _9120970 |
||
| 245 | 1 | 0 |
_aইতিহাস: _bসমাজ ও সংস্কৃতি ভাবনা/ _cমুসা আনসারী |
| 260 |
_aঢাকা : _bবাংলা একাডেমী, _c২০০৮. |
||
| 300 |
_a[১৬], ২৫৮ পৃ. _c২২ সেমি. |
||
| 500 | _aনির্ঘ্নন্ট সংযুক্ত | ||
| 650 |
_aবাংলা ইতিহাস _9120392 |
||
| 650 |
_aBengali Hiatory _9120971 |
||
| 942 |
_2ddc _cBK |
||
| 999 |
_c39230 _d39230 |
||